| 000 | 00758cam a2200265 4500 | ||
|---|---|---|---|
| 001 | 25591 | ||
| 003 | BD-RjUL | ||
| 005 | 20211209050912.0 | ||
| 008 | 140318s1969 onc b 001 0 eng | ||
| 020 | _a0458903809 | ||
| 035 | _a(BD-RjUL)25661 | ||
| 040 |
_aDLC _cDLC _dDLC _dBD-RjUL _beng |
||
| 041 | _aeng | ||
| 082 | 0 | 0 |
_a354.710008 _bBUR |
| 245 | 1 | 0 |
_aBureaucracy in Canadian government; _bselected readings, _cedited by W. D. K. Kernaghan. |
| 260 |
_aToronto : _bMethuen, _c1969. |
||
| 300 |
_aviii, 190 p. ; _c23 cm. |
||
| 350 | _aunpriced | ||
| 504 | _aIncludes bibliographies. | ||
| 651 | 0 |
_aCanada _xPolitics and government. _978665 |
|
| 700 |
_aKernaghan, Kenneth, _978666 |
||
| 942 |
_2ddc _cBK |
||
| 999 |
_c25591 _d25591 |
||